Top 50 smallest countries - Statistics

General Stats
  • This quiz has been taken 2,916 times
    2,685 since last reset
  • The average score is 35 of 50
Answer Stats
Rank Country % Correct
1 Vatican City
98%
2 Monaco
92%
5 San Marino
90%
17 Andorra
86%
3 Nauru
84%
8 Saint Kitts
83%
4 Tuvalu
83%
12 Saint Vincent
82%
28 Luxembourg
81%
18 Saint Lucia
81%
45 Fiji
80%
6 Liechtenstein
80%
16 Palau
80%
10 Malta
78%
7 Marshall Islands
78%
20 Singapore
78%
29 Samoa
77%
21 Tonga
77%
13 Barbados
76%
24 Kiribati
76%
15 Seychelles
76%
14 Antigua
74%
11 Grenada
74%
9 Maldives
74%
23 Bahrain
73%
32 Brunei
73%
22 Dominica
73%
31 Trinidad
73%
30 Cape Verde
72%
39 Vanuatu
72%
26 Comoros
71%
19 Micronesia
71%
25 Sao Tome
71%
38 Qatar
70%
41 Bahamas
68%
42 East Timor
68%
27 Mauritius
67%
33 Cyprus
64%
36 Jamaica
64%
35 Kosovo
61%
44 Kuwait
60%
49 Belize
59%
47 Israel
59%
34 Lebanon
54%
40 Montenegro
52%
50 Djibouti
51%
48 El Salvador
51%
37 Gambia
48%
46 Slovenia
31%
43 Swaziland
25%
No matching quizzes found
Score Distribution
Percent of People with Each Score
Percentile by Number Answered
Your Score History
You have not taken this quiz since the last reset